[Event "Unterfranken-ch HA 53th"]
[Site "Wuerzburg"]
[Date "2002.??.??"]
[Round "?"]
[White "Fischer, Uwe"]
[Black "Poppe, Wolfgang"]
[Result "1/2-1/2"]
[WhiteElo "1758"]
[BlackElo "1681"]
[PlyCount "40"]
[EventDate "2002.04.01"]
[EventType "swiss"]
[EventRounds "9"]
[EventCountry "GER"]
[SourceTitle "EXT 2015"]
[Source "ChessBase"]
[SourceDate "2014.11.20"]
[SourceVersion "1"]
[SourceVersionDate "2014.11.20"]
[SourceQuality "1"]

1. e4 e5 2. Nf3 Nc6 3. Bb5 Bc5 4. 0-0 Nge7 5. c3 0-0 6. d4 exd4 7. cxd4 Bb6 8. h3 a6 9. Ba4 d6 10. Nc3 f5 11. Bb3+ Kh8 12. Ng5 Qe8 13. Be3 Qg6 14. exf5 Bxf5 15. Kh2 h6 16. Nf3 Qf6 17. Rc1 Rac8 18. a3 Bg6 19. Bc4 Rcd8 20. Qd2 d5 1/2-1/2

[Event "Unterfranken-ch HA 53th"]
[Site "Wuerzburg"]
[Date "2002.??.??"]
[Round "?"]
[White "Kuhn, Tobias"]
[Black "Fischer, Uwe"]
[Result "1-0"]
[WhiteElo "1700"]
[BlackElo "1758"]
[PlyCount "70"]
[EventDate "2002.04.01"]
[EventType "swiss"]
[EventRounds "9"]
[EventCountry "GER"]
[SourceTitle "EXT 2015"]
[Source "ChessBase"]
[SourceDate "2014.11.20"]
[SourceVersion "1"]
[SourceVersionDate "2014.11.20"]
[SourceQuality "1"]

1. e4 c5 2. Nf3 d6 3. d4 cxd4 4. c3 Nf6 5. Qc2 dxc3 6. Nxc3 e6 7. Bc4 Be7 8. 0-0 Nc6 9. Be3 a6 10. Rfd1 Qc7 11. Rac1 0-0 12. a3 Na5 13. Ba2 Nc6 14. Na4 Qa5 15. Ng5 Ng4 16. Bd2 Qe5 17. Nf3 Qh5 18. h3 Nge5 19. Nxe5 Qxe5 20. Nb6 Rb8 21. Bb1 Qh5 22. Bc3 Rd8 23. Qd3 Qg6 24. f4 h5 25. f5 exf5 26. exf5 Qh6 27. Ba2 Bg5 28. Rc2 Be3+ 29. Kh1 Bxb6 30. Qd5 Rf8 31. Re2 Qf4 32. f6 g6 33. Bd2 Qxf6 34. Bc3 Qf4 35. Qd3 Bd7 1-0